Statistiken für Pokemon der Arenaleiter Sinnoh

Klicken Sie hier um das Quiz zu spielen!

Allgemein

  • Dieses Quiz wurde 34 mal gespielt
  • Das Durchschnittsergebnis liegt bei 21 aus 34

Antwortstatistiken

HintPokemon% Korrekt
Koknodon
96%
VeitKleinstein
96%
Onix
87%
Roserade
87%
Rexblisar
83%
Bojelin
78%
Elevoltek
78%
Lucario
78%
Maschock
78%
Stahlos
78%
Gengar
74%
Bollterus
70%
Frosdedje
70%
MarinusGarados
70%
Traunmagil
70%
Alpollo
65%
Chelast
65%
Luxtra
65%
VolknerRaichu
65%
HildaMeditie
61%
(PT)Blitza
52%
Sniebel
52%
LaminaDrifzepeli
48%
(PT)Kinoso
48%
(PT)Magneton
48%
Morlord
48%
AdamBronzel
43%
SilvanaKikugi
43%
(PT)Zwirrlicht
43%
(PT)Keifel
39%
Meditalis
39%
FridaShnebedeck
39%
Octillery
30%
Ambidiffel
22%

Verteilung der Resultate

Perzentil nach korrekt beantworteten Fragen

Anzahl Personen mit jedem Resultat

Ihre Resultats-Entwicklung

Sie haben dieses Quiz noch nicht gespielt